000 00676cam a2200241 4500
999 _c14009
_d14009
005 20260304192019.0
008 740808s1974 enka b 000 0 eng
010 _a 74173702
020 _a0091168902
_a0091168910 (pbk.)
020 _a9780091168902
020 _a9780091168919
_q(pbk.)
035 _a4574230
040 _aDLC
_cDLC
_dDLC
050 0 0 _aHT166
_b.R56
082 0 0 _a309.2/62
100 1 _aRoberts, Margaret.
245 1 3 _aAn introduction to town planning techniques.
260 _a[London]
_bHutchinson Educational
_c[1974]
300 _avii, 406 p.
_billus.
_c23 cm.
504 _aIncludes bibliographies.
650 0 _aCity planning.
942 _2ddc